|
|
|
|
| LEADER |
00000naa2a2200000 4500 |
| 001 |
178947 |
| 005 |
20231031170159.0 |
| 035 |
|
|
|a (RuTPU)RU\TPU\book\193968
|
| 090 |
|
|
|a 178947
|
| 100 |
|
|
|a 20100413d2008 k y0rusy50 ca
|
| 101 |
0 |
|
|a rus
|
| 102 |
|
|
|a RU
|
| 200 |
1 |
|
|a Современные тенденции в развитии камер сгорания газотурбинных установок
|f О. В. Вертинская, А. В. Лебедева
|g науч. рук. Н. П. Чухарева
|
| 320 |
|
|
|a Библиогр.: 4 назв.
|
| 463 |
|
0 |
|0 (RuTPU)RU\TPU\book\164908
|y 5-89503-079-3
|t Проблемы геологии и освоения недр
|o труды XII Международного симпозиума имени академика М. А. Усова студентов и молодых ученых, посвященного 100-летию первого выпуска горных инженеров в Сибири и 90-летию создания Сибгеолкома в России
|f Томский политехнический университет (ТПУ), Институт геологии и нефтегазового дела (ИГНД)
|v С. 583-584
|d 2008
|p 944 с.
|
| 610 |
1 |
|
|a газотурбинные установки
|
| 610 |
1 |
|
|a камеры сгорания
|
| 610 |
1 |
|
|a топливо
|
| 610 |
1 |
|
|a электростанции
|
| 610 |
1 |
|
|a газотурбинные электростанции
|
| 610 |
1 |
|
|a КПД
|
| 610 |
1 |
|
|a труды учёных ТПУ
|
| 700 |
|
1 |
|a Вертинская
|b О. В.
|
| 701 |
|
1 |
|a Лебедева
|b А. В.
|
| 702 |
|
1 |
|a Чухарева
|b Н. П.
|4 727
|
| 801 |
|
1 |
|a RU
|b 63413507
|c 20100413
|
| 942 |
|
|
|c BK
|